| 000 | 00622cam a22001457a 4500 | ||
|---|---|---|---|
| 008 | 180718b1991 xxu||||| |||| 00| 0 eng d | ||
| 082 | _aXA9068 G899 | ||
| 100 | _aGrootaert, Christiaan | ||
| 245 |
_aThe social dimensions of adjustment priority survey : an instrument for the rapid identification and monitoring of policy target groups _cby Christiaan Grootaert and Timothy Marchant |
||
| 260 |
_aWashington, D.C. _bIBRD _c1991 |
||
| 300 | _a180p. | ||
| 440 | _aSocial dimensions of adjustment in Sub-Saharan Africa workining paper no.12 | ||
| 650 | _aHousehold Surveys - Developing Countries | ||
| 700 | _aMarchant,Timothy | ||
| 999 |
_c226956 _d226956 |
||